RASFF - rýchly výstražný systém pre potraviny a krmivá

Nariadenie č. 178/2002 Európskeho parlamentu a Rady z 28. januára 2002, ktorým sa stanovujú všeobecné zásady a požiadavky potravinového práva – RASFF. Aplikácia RASFF na podmienky Slovenskej republiky.

Gespeichert in:
Bibliographische Detailangaben
1. Verfasser: Dudáš-Pajerská, Erika, 1988-
Weitere Verfasser: Pajerský, Anton, Daneshjo, Naqibullah, 1964-
Format: Buchkapitel
Sprache:Slowakisch
Schlagworte:
Tags: Tag hinzufügen
Keine Tags, Fügen Sie das erste Tag hinzu!

MARC

LEADER 00000nla a2200000 4500
001 0237813
005 20240502073839.4
041 0 |a slo 
044 |a SK 
245 1 0 |a RASFF - rýchly výstražný systém pre potraviny a krmivá  |c Erika Dudáš-Pajerská, Anton Pajerský, Naqibullah Daneshjo 
520 |a Nariadenie č. 178/2002 Európskeho parlamentu a Rady z 28. januára 2002, ktorým sa stanovujú všeobecné zásady a požiadavky potravinového práva – RASFF. Aplikácia RASFF na podmienky Slovenskej republiky. 
610 2 0 |a potraviny 
610 2 0 |a bezpečnosť potravinová 
610 2 0 |a krmoviny 
610 2 0 |a informácie 
610 2 0 |a regulácia 
610 2 0 |a kontrola 
610 2 0 |a Európska únia 
610 2 0 |a Slovensko 
100 1 |a Dudáš-Pajerská, Erika, 1988- 
700 1 |a Pajerský, Anton 
700 1 |a Daneshjo, Naqibullah, 1964-